Normal view
MARC view
- Shahid Mahmood-sup-Dr. Attya Bhatti
Entry Personal Name
001 - CONTROL NUMBER
- control field: 28847
003 - CONTROL NUMBER IDENTIFIER
- control field: NUST
005 - DATE AND TIME OF LATEST TRANSACTION
- control field: 20200308164001.0
008 - FIXED-LENGTH DATA ELEMENTS
- fixed length control field: 200308|| aca||aabn | a|a d
040 ## - CATALOGING SOURCE
- Original cataloging agency: NUST
- Transcribing agency: NUST
100 ## - HEADING--PERSONAL NAME
- Personal name: Shahid Mahmood-sup-Dr. Attya Bhatti
670 ## - SOURCE DATA FOUND
- Source citation: Work cat.: (NUST)479979: Shahid Mahmood-sup-Dr. Attya Bhatti, Th-Mphil-Therapeutic effects of carbonic anhydrase II inhibitor on Type II Collagen Induce BALB/c Mice
